Recull de bones pràctiques locals per fomentar l'esperit emprenedor i la creació d'empreses
Publicado:
Barcelona :
Diputació de Barcelona. Àrea de Desenvolupament Econòmic. Servei de Teixit Productiu ,
2010
Descripción Física:
100 p. : il. col. ; 29 cm
MARC
| LEADER | 00000nam a2200000Ia 4500 | ||
|---|---|---|---|
| 001 | 23853 | ||
| 008 | 160829s2010 xx 000 0 cat d | ||
| 080 | |a Bib-79 | ||
| 245 | |a Recull de bones pràctiques locals per fomentar l'esperit emprenedor i la creació d'empreses | ||
| 260 | |a Barcelona : |b Diputació de Barcelona. Àrea de Desenvolupament Econòmic. Servei de Teixit Productiu, |c 2010 | ||
| 300 | |a 100 p. : |b il. col. ; |c 29 cm | ||
| 650 | 0 | |a Empreses |x Creació |z Barcelona (Província) |9 43924 | |
| 710 | |a Barcelona (Catalunya : Província). |b Servei de Teixit Productiu |9 53474 | ||
| 901 | |a Arxiu | ||
| 942 | |n 1 | ||
| 952 | |0 0 |1 0 |4 0 |6 BIB79 |7 1 |9 55984 |a Arxiu |b Arxiu |d 2016-12-01 |l 0 |o Bib-79 |p 23853 |r 2016-12-01 00:00:00 |w 2016-12-01 |y ARXIU | ||
| 999 | |c 59857 |d 59857 | ||